书目信息 |
| 题名: |
生命与逻各斯:希腊伦理思想史论
|
|
| 作者: | 包利民 著 | |
| 分册: | ||
| 出版信息: | 北京 东方出版社 1996.07 |
|
| 页数: | 354页 | |
| 开本: | 32开 | |
| 丛书名: | ||
| 单 册: | ||
| 中图分类: | B82-09 | |
| 科图分类: | ||
| 主题词: | 伦理学 | |
| 电子资源: | ||
| ISBN: | 7-5060-0771-1 | |
| 000 | 00575nam0 2200193 45 | |
| 001 | 1009060328 | |
| 005 | 20100906033828.7 | |
| 010 | @a7-5060-0771-1@d21.00元 | |
| 100 | @a20100906d1996 km y0chiy0120 ea | |
| 101 | 0 | @achi |
| 105 | @a z 000yy | |
| 200 | 1 | @a生命与逻各斯:希腊伦理思想史论@ASheng Ming Yu Luo Ge Si:Xi La Lun Li Si Xiang Shi Lun@f包利民著@FBao Li Min Zhu |
| 210 | @a北京@c东方出版社@d1996.07 | |
| 215 | @a354页@d32开 | |
| 606 | 0 | @a伦理学 |
| 690 | @aB82-09@v3 | |
| 701 | 0 | @a包利民@4著 |
| 801 | @aCN@bPftUser@c20100906 | |
| 905 | @b128388-392@dB82-09@eB531@f5 | |
| 生命与逻各斯:希腊伦理思想史论/包利民著.-北京:东方出版社,1996.07 |
| 354页;32开 |
| ISBN 7-5060-0771-1:21.00元 |
| ● |
| 相关链接 |
|
|
|
正题名:生命与逻各斯:希腊伦理思想史论
索取号:B82-09/B531
 
预约/预借
| 序号 | 登录号 | 条形码 | 馆藏地/架位号 | 状态 | 备注 |
| 1 | 128388 | 201283887 | 社科库509/509社科库 21排2列5层/ [索取号:B82-09/B531] | 在馆 | |
| 2 | 128389 | 201283896 | 社科库509/509社科库 21排2列5层/ [索取号:B82-09/B531] | 在馆 | |
| 3 | 128390 | 201283903 | 社科库509/509社科库 21排2列5层/ [索取号:B82-09/B531] | 在馆 | |
| 4 | 128391 | 201283912 | 社科库509/509社科库 21排2列5层/ [索取号:B82-09/B531] | 在馆 | |
| 5 | 128392 | 201283921 | 社科库509/509社科库 21排2列5层/ [索取号:B82-09/B531] | 在馆 |